000
00242nam a2200097Ia 4500
001
1076217
005
20250827002253.0
008
250824s9999 xx 000 0 und d
245
0
_a
DÜŞ KESİĞİ
_c
GÜRAY SÜNGÜ
260
_b
KETEBE YAYINLARI
999
_c
1076217
_d
1076217